Lushai Chrysalis (Record no. 372580)

000 -LEADER
fixed length control field 00350cam a22001337a 4500
008 - FIXED-LENGTH DATA ELEMENTS--GENERAL INFORMATION
fixed length control field 180718b1949 xxu||||| |||| 00| 0 eng d
082 ## - DEWEY DECIMAL CLASSIFICATION NUMBER
Classification number A6x5411 M124
100 ## - MAIN ENTRY--PERSONAL NAME
Personal name McCall, Anthony Gilchrist
245 ## - TITLE STATEMENT
Title Lushai Chrysalis
Statement of responsibility, etc. by Anthony Gilchrist McCall
260 ## - PUBLICATION, DISTRIBUTION, ETC.
Place of publication, distribution, etc. London
Name of publisher, distributor, etc. Luzae
Date of publication, distribution, etc. 1949
300 ## - PHYSICAL DESCRIPTION
Extent 320p.
500 ## - GENERAL NOTE
General note 25/-
650 ## - SUBJECT ADDED ENTRY--TOPICAL TERM
Topical term or geographic name entry element Lushai Hills
Holdings
Withdrawn status Lost status Damaged status Not for loan Permanent Location Current Location Date acquired Full call number Barcode Date last seen Price effective from Koha item type
        Indian Institute of Public Administration Indian Institute of Public Administration 1994-06-16 A6x5411 M124 31056 2018-07-21 2018-07-21 Book

Powered by Koha